Formy ekonomického a organizačného prepojenia výroby so zahraničným obchodom záverečná práca postgraduálneho štúdia

Uložené v:
Podrobná bibliografia
Hlavný autor: Schwarz, Viliam
Korporativný autor: Vysoká škola ekonomická v Bratislave
Ďalší autori: Smreková, Marta
Médium: Kniha
Jazyk:Slovak
Vydavateľské údaje: Bratislava 1988
Tagy: Pridať tag
Žiadne tagy, Buďte prvý, kto otaguje tento záznam!

MARC

LEADER 00000nam a2200000 4500
001 c034300
005 20230116095033.3
041 0 |a slo 
044 |a SK 
245 1 0 |a Formy ekonomického a organizačného prepojenia výroby so zahraničným obchodom  |b záverečná práca postgraduálneho štúdia  |c Viliam Schwarz ; Ved. práce Marta Smreková 
264 1 |a Bratislava  |c 1988 
300 |a 32 s. 
100 1 |a Schwarz, Viliam 
700 1 |a Smreková, Marta 
710 2 |a Vysoká škola ekonomická v Bratislave